00337nam a2200145Ia 4500003000400000008004100004040001600045082001300061100001600074245002400090260003000114300001000144650001500154650002200169GCL140319s9999 xx 000 0 eng d aGCL / cGCL04a843bG N1 aGIONO, JEAN10aNOE / cGIONO, JEAN a[S.N] : bFOLIO ، c1995 a378 P04aLITERATURE04aFRENCH LITERATURE